ロード中...

Measles Virus and Its Biology

書誌詳細
主要な著者: K B Fraser, S J Martin
フォーマット: Printed Book
言語:Undetermined
出版事項: Academic Press 1978
London
主題:
LEADER 00641nam a2200241Ia 4500
008 141122s9999 xx 000 0 und d
020 |a 122653505 
040 |c . 
041 |a English 
082 |a 616.91 
082 |b FRA/ME 
100 |a K B Fraser 
100 |a S J Martin 
245 |a Measles Virus and Its Biology 
245 |c K B Fraser 
260 |b Academic Press 
260 |b London 
260 |c 1978 
300 |a 249 Pages 
650 |a Microbiology 
942 |c BK 
999 |c 17873  |d 17873 
952 |0 0  |1 0  |4 0  |6 616_910000000000000_FRAME  |7 0  |9 17551  |a COVAS  |b COVAS  |d 0000-00-00  |o 616.91 FRA/ME  |p 10372  |r 2014-11-26  |w 2014-11-26  |y BK